000 00332 a2200121 4500
001 147042
040 _cEscola São Tomás de Aquino
100 _aGALDINO, Luiz
240 1 0 _aPreocupações de um saparinho
_lpor
245 1 0 _aPreocupações de um saparinho
697 _aProblemas de disciplina. Violência estudantil
942 _cBK
999 _c147042
_d147042